| Tag |
First Indicator |
Second Indicator |
Subfields |
| LEADER |
00000cam a22000001a 4500 |
| 001 |
in00002997821 |
| 005 |
20190402184950.0 |
| 006 |
m o d |
| 007 |
cr un mmmapmmp |
| 008 |
070723s1915 dcuabd o f000 0 eng d |
| 035 |
|
|
|a cis2004147620
|
| 040 |
|
|
|a UMI
|c UMI
|d UtOrBLW
|
| 043 |
|
|
|a n-us---
|
| 099 |
|
|
|a ProQuest Serial Set Number 6888 H.doc.1472
|
| 110 |
1 |
|
|a United States.
|b Congress.
|b House.
|b Committee on Indian Affairs.
|
| 245 |
1 |
0 |
|a Letter from the Secretary of the Interior, transmitting a report and plans prepared by the Superintendent of Irrigation for District No. 1, in the Indian Service, on provisions for water supply for forty acres of each Indian allotment on the Yakima Indian Reservation, Washington.
|
| 246 |
1 |
|
|a Irrigating Yakima Indian Reservation by Wapato project, Washington State
|
| 264 |
|
1 |
|a Washington :
|b [publisher not identified],
|c 1915.
|
| 300 |
|
|
|a 1 online resource.
|
| 336 |
|
|
|a text
|b txt
|2 rdacontent
|
| 337 |
|
|
|a computer
|b c
|2 rdamedia
|
| 338 |
|
|
|a online resource
|b cr
|2 rdacarrier
|
| 490 |
0 |
|
|a H.doc.1472
|
| 500 |
|
|
|a Includes illustrations.
|
| 500 |
|
|
|a Record is based on bibliographic data in ProQuest U.S. Serial Set Digital Collection (last viewed July 2007). Reuse except for individual research requires license from ProQuest, LLC.
|
| 510 |
3 |
|
|a ProQuest U.S. Serial Set Digital Collection
|
| 500 |
|
|
|a Electronic resource.
|
| 650 |
|
0 |
|a Irrigation.
|
| 650 |
|
0 |
|a Yakama Indians.
|
| 651 |
|
0 |
|a Washington (State)
|
| 655 |
|
7 |
|a Electronic books.
|2 local
|
| 710 |
2 |
|
|a ProQuest (Firm)
|
| 830 |
|
0 |
|a United States congressional serial set.
|
| 856 |
4 |
0 |
|u http://proxy.library.tamu.edu/login?url=http://congressional.proquest.com/congcomp/getdoc?SERIAL-SET-ID=6888+H.doc.1472
|z Connect to the full text of this electronic book
|t 0
|
| 999 |
|
|
|a MARS
|
| 999 |
f |
f |
|s a01ab205-3b89-39f6-9a88-2aad9001578b
|i efd9c8c3-38d7-3148-9a85-d62aa7ebd01d
|t 0
|
| 952 |
f |
f |
|a Texas A&M University
|b College Station
|c Electronic Resources
|d Available Online
|t 0
|e ProQuest Serial Set Number 6888 H.doc.1472
|h Other scheme
|
| 998 |
f |
f |
|a ProQuest Serial Set Number 6888 H.doc.1472
|t 0
|l Available Online
|